00489 2200193 4500001002100000005001500021035002000036245003000056100001700086300003000103260003300133082001400166084002000180020002200200008004100222650001000263990001100273990001100284INLIS00000000000175620241205024119 a0010-12240000091 a3726 MDPL /cNurwina Sari0 aNurwina Sari a279 hlm :bilust ;c19 cm aJakarta :bRomancious,c2024 a899.221'3 a899.221'3 NUR t a978-623-310-259-9241205 0  4aNovel a003659 a003660